00727nam a22001935i 450000100060000000300090000600500170001500700030003200800410003504000200007610000420009624501020013825000260024026000820026630000190034885200230036799900170039095201260040754013ES-MaACL20230906162855.0t|960710m18741879po ||||1| por d aCAM bspa cCAM1 aFerreira Lapa, Joâo Ignacio.95038710aTechnologia rural ou Artes chimicas, agricolas e florestaes / cpor Joâo Ignacio Ferreira Lapa. a2ª ed. corr. e augm. aLisboa : b[s.n.], c1874-1879 (ftypographia da Academia Real das Sciencias) a2v. ; c22 cm. aES-MaACLjG-8477-8 c54013d54013 001040708LIBXIXaATENEOMbATENEOMcSPP3d2008-01-17eSCl0oG-8477-8p1056767r2023-02-23 00:00:00w2023-02-23yMONANT